Catálogo público

Fruticultura : (Record no. 79161)

MARC details
000 -CABECERA
campo de control de longitud fija 01508cam a2200373 a 4500
003 - IDENTIFICADOR DEL NÚMERO DE CONTROL
campo de control CHAP
005 - FECHA Y HORA DE LA ÚLTIMA TRANSACCIÓN
campo de control 20220329142138.0
008 - DATOS DE LONGITUD FIJA--INFORMACIÓN GENERAL
campo de control de longitud fija 000111d1999 mx a r 00010 spa d
010 ## - NÚMERO DE CONTROL DE LA BIBLIOTECA DEL CONGRESO
Número de control de LC 79161
011 ## - ENLACE DEL NUMERO DE CONTROL DE LA BIBLIOTECA DEL CONGRESO [OBSOLETO]
Número de control de LC 80133
020 ## - NÚMERO INTERNACIONAL ESTÁNDAR DEL LIBRO
Número Internacional Estándar del Libro 9701504070
035 ## - NÚMERO DE CONTROL DEL SISTEMA
Número de control de sistema 90575
040 ## - FUENTE DE LA CATALOGACIÓN
Centro/agencia transcriptor CHAP
082 04 - NÚMERO DE LA CLASIFICACIÓN DECIMAL DEWEY
Número de clasificación 634
Número de documento/Ítem G55 1999
100 00 - ENTRADA PRINCIPAL--NOMBRE DE PERSONA
Nombre de persona Gil Salaya, Gonzalo F.
9 (RLIN) 47948
245 10 - MENCIÓN DE TÍTULO
Título Fruticultura :
Resto del título el potencial productivo : crecimiento vegetativo y diseño de huertos y viñedos
Mención de responsabilidad, etc. /por Gonzalo F. Gil Salaya
250 ## - MENCIÓN DE EDICIÓN
Mención de edición 2 ed.
260 ## - PUBLICACIÓN, DISTRIBUCIÓN, ETC.
Lugar de publicación, distribución, etc. México, D. F. :
Nombre del editor, distribuidor, etc. Alfaomega,
Fecha de publicación, distribución, etc. 1999.
300 ## - DESCRIPCIÓN FÍSICA
Extensión 342 p. :
Otras características físicas ilus. ; gráfs. ; cuadros
490 #0 - MENCIÓN DE SERIE
Mención de serie Agronomía
590 ## - NOTA LOCAL (RLIN)
Nota local BATCH-UPD
Procedencia (VM) [OBSOLETO] 10
Condición del los carretes individuales (VM) [OBSOLETO] 20130110
-- UCH01
-- 2003
590 ## - NOTA LOCAL (RLIN)
Nota local CONVERSION
Procedencia (VM) [OBSOLETO] 10
Condición del los carretes individuales (VM) [OBSOLETO] 20130109
-- UCH01
-- 1344
650 14 - PUNTO DE ACCESO ADICIONAL DE MATERIA--TÉRMINO DE MATERIA
Término de materia o nombre geográfico como elemento de entrada Fruticultura.
9 (RLIN) 43684
830 #0 - PUNTO DE ACCESO ADICIONAL DE SERIE-TÍTULO UNIFORME
Título uniforme Agronomía
9 (RLIN) 2195
901 ## - ELEMENTOS DE DATOS A LOCAL LDA (RLIN)
a BK
905 ## - ELEMENTOS DE DATOS E LOCAL, LDE (RLIN)
a Lilia Sánchez G.
942 ## - ELEMENTOS DE PUNTO DE ACCESO ADICIONAL (KOHA)
Tipo de ítem Koha Libro
949 ## - PROCESAMIENTO DE INFORMACIÓN LOCAL (OCLC)
a 634 G55 1999
b BC
c LIBRO
d 33724000732632
e LIBRO
g I. 199678
h 96427
i 90575
s i
t $178.00
949 ## - PROCESAMIENTO DE INFORMACIÓN LOCAL (OCLC)
a 634 G55 1999
b BC
c LIBRO
d 33724000793402
e LIBRO
f c.2
g I.208344
h 99071
i 90575
s i
t $168.30
949 ## - PROCESAMIENTO DE INFORMACIÓN LOCAL (OCLC)
a 634 G55 1999
b BC
c LIBRO
d 33724000817425
e LIBRO
f c.3
g I. 210688
h 99784
i 90575
s i
t $178.20
949 ## - PROCESAMIENTO DE INFORMACIÓN LOCAL (OCLC)
a 634 G55 1999
b BC
c LIBRO
d 33724000962700
e LIBRO
f c.4
g I. c/e
h 106484
i 90575
s i
t $198.00
949 ## - PROCESAMIENTO DE INFORMACIÓN LOCAL (OCLC)
a 634 G55 1999
b BC
c LIBRO
d 33724000962767
e LIBRO
f c.5
g I. c/e
h 106485
i 90575
s i
t $198.00
949 ## - PROCESAMIENTO DE INFORMACIÓN LOCAL (OCLC)
a 634 G55 1999
b BC
c LIBRO
d 33724000962825
e LIBRO
f c.6
g I. c/e
h 106486
i 90575
s i
t $198.00
Holdings
Estado de retiro Estado de pérdida Fuente del sistema de clasificación o colocación Estado dañado Restricciones de uso No para préstamo Código de colección Localización permanente Ubicación/localización actual Ubicación en estantería Fecha de adquisición Fuente de adquisición Información codificada de la localización en otra ubicación Total de préstamos Signatura topográfica completa Código de barras Fecha visto por última vez Precio válido a partir de Tipo de ítem Koha Número de copia
    Dewey Decimal Classification   Préstamo 15 días   General Biblioteca Central Biblioteca Central Planta principal - Colección General 31/12/2019 I. 199678 LIBRO   634 G55 1999 33724000732632 31/12/2019 31/12/2019 Libro  
    Dewey Decimal Classification   Préstamo 15 días   General Biblioteca Central Biblioteca Central Planta principal - Colección General 31/12/2019 I. 210688 LIBRO   634 G55 1999 33724000817425 31/12/2019 31/12/2019 Libro c.3
    Dewey Decimal Classification   Préstamo 15 días   General Biblioteca Central Biblioteca Central Planta principal - Colección General 31/12/2019 I. c/e LIBRO   634 G55 1999 33724000962700 31/12/2019 31/12/2019 Libro c.4
    Dewey Decimal Classification   Préstamo 15 días   General Biblioteca Central Biblioteca Central Planta principal - Colección General 31/12/2019 I. c/e LIBRO   634 G55 1999 33724000962767 31/12/2019 31/12/2019 Libro c.5
    Dewey Decimal Classification   Préstamo 15 días   General Biblioteca Central Biblioteca Central Planta principal - Colección General 31/12/2019 I. c/e LIBRO   634 G55 1999 33724000962825 31/12/2019 31/12/2019 Libro c.6
    Dewey Decimal Classification   Préstamo 15 días   General Biblioteca Central Biblioteca Central Planta principal - Colección General 31/12/2019 I.208344 LIBRO   634 G55 1999 33724000793402 31/12/2019 31/12/2019 Libro c.2